000 00641nam a22002057a 4500
999 _c62068
_d62068
005 20240702123018.0
008 240702s2015 enk||||| |||| 00| 0 eng d
020 _a9780199376025x
041 _aeng
080 _a17:338:61 Sh-53
100 _aShamoo, Adil E.
_922658
245 _aResponsible Conduct of Research /
_c Adil E. Shamoo, David B. Resnik.
250 _aThird Edition
264 _a‎ Oxford :
_bOxford University Press,
_c2015.
300 _a346 p.;
_b24 cm.
653 _aეთიკა
653 _aმედიცინა
700 _aResnik, David B.
_eავტორი
_922650
942 _2udc
_cᲬᲘᲒᲜᲘ